000 00300nam a22001337a 4500
005 20251108172350.0
008 250721s9999 xx 000 0 eng d
082 1 4 _aJ/F/TRE
245 1 0 _aTreasure Island /
264 1 _alondon :
650 1 7 _aenglish fiction
942 _2ddc
_cBK
999 _c77349
_d77349